[Event "CRO-chT4B Center North"]
[Site "Croatia"]
[Date "2016.04.17"]
[Round "3.5"]
[White "Colev, Goran"]
[Black "Juras, Ivan"]
[Result "0-1"]
[WhiteElo "1450"]
[BlackElo "1705"]
[PlyCount "51"]
[EventDate "2016.04.03"]
[EventType "team-tourn"]
[EventRounds "11"]
[EventCountry "CRO"]
[SourceTitle "EXT 2019"]
[Source "ChessBase"]
[SourceDate "2018.10.10"]
[SourceVersion "1"]
[SourceVersionDate "2018.10.10"]
[SourceQuality "1"]

1. e4 g6 2. d4 Bg7 3. Nf3 b6 4. Bc4 Bb7 5. 0-0 Bxe4 6. Ng5 d5 7. Nxe4 dxc4 8. c3 b5 9. Qf3 Nd7 10. Re1 Ngf6 11. Bg5 0-0 12. Nbd2 Nxe4 13. Qxe4 f6 14. Bh4 Nb6 15. Qxe7 Qxe7 16. Rxe7 Nd5 17. Re6 Rfe8 18. Rae1 Kf7 19. R6e2 Rxe2 20. Rxe2 Nf4 21. Re4 Nd3 22. b3 Bh6 23. Nb1 Nc1 24. bxc4 bxc4 25. f4 Bxf4 26. Rxf4 0-1